00338nam a22001217a 450000500170000002000220001703500130003903700130005210000190006524500640008426000430014830000250019120120503142739.0 a8120003837c00.00 aA-935962 aDPLbENG aMalhotra, G.C. aMotions of confidence and no-confidence /cby G.C. Malhotra aNew DelhibLok Sabha Secretariatc1998 axvii, 112p.c20 cms.